[Event "Titled Tuesday intern op 21st Jan Late"]
[Site "Chess.com INT"]
[Date "2025.01.21"]
[Round "4"]
[White "Hajiyev, Kanan"]
[Black "Alcazar Jimenez, Jesus Alberto"]
[Result "1/2-1/2"]
[WhiteElo "2160"]
[BlackElo "2141"]
[PlyCount "137"]
[EventDate "2025.01.21"]
[EventType "swiss (blitz)"]
[EventRounds "11"]
[EventCountry "USA"]
[SourceTitle "CB05_2025"]
[SourceDate "2025.01.29"]
[SourceVersion "1"]
[SourceVersionDate "2025.01.29"]
[SourceQuality "1"]

1. d4 Nf6 2. Nf3 e6 3. c4 c5 4. e3 d5 5. cxd5 exd5 6. Nc3 Nc6 7. Be2 Be7 8. 0-0 0-0 9. b3 cxd4 10. Nxd4 Qa5 11. Bb2 Ba3 12. Bxa3 Qxa3 13. Ncb5 Qe7 14. Rc1 Bd7 15. Qc2 a6 16. Nxc6 Bxc6 17. Nd4 Bd7 18. Qc7 Rab8 19. h3 Rfc8 20. Qf4 Qe4 21. Qxe4 dxe4 22. g4 h6 23. Rfd1 Rxc1 24. Rxc1 Rc8 25. Rxc8+ Bxc8 26. Bc4 Kf8 27. b4 Ke7 28. Kg2 g6 29. Kg3 b5 30. Bb3 Bb7 31. h4 Bd5 32. g5 hxg5 33. hxg5 Nh5+ 34. Kg4 Bxb3 35. Nxb3 Ng7 36. Nc5 Ne6 37. Nxe4 Kd7 38. f4 Kc6 39. Nc3 Nc7 40. e4 Ne6 41. f5 Nd4 42. Kf4 Nc2 43. Nd5 Kd6 44. fxg6 fxg6 45. a3 Nxa3 46. Ne3 Nc4 47. e5+ Ke6 48. Ng4 Kd5 49. Nf6+ Ke6 50. Ne8 Nxe5 51. Nc7+ Kd6 52. Nxa6 Nc4 53. Ke4 Kc6 54. Nc5 Kd6 55. Nd3 Nd2+ 56. Kd4 Nb3+ 57. Ke4 Nd2+ 58. Kf4 Nc4 59. Kf3 Kd5 60. Nf4+ Kd4 61. Nxg6 Kc3 62. Nf4 Kxb4 63. g6 Ne5+ 64. Ke4 Nxg6 65. Nxg6 Kc3 66. Nf4 b4 67. Nd3 b3 68. Ke3 b2 69. Nxb2 1/2-1/2

[Event "Titled Tuesday intern op 07th Jan Early"]
[Site "Chess.com INT"]
[Date "2025.01.07"]
[Round "7"]
[White "Alcazar Jimenez, Jesus Alberto"]
[Black "Attieh, Skye"]
[Result "1-0"]
[WhiteElo "2141"]
[BlackElo "1769"]
[PlyCount "121"]
[EventDate "2025.01.07"]
[EventType "swiss (blitz)"]
[EventRounds "11"]
[EventCountry "USA"]
[SourceTitle "CB03_2025"]
[SourceDate "2025.01.15"]
[SourceVersion "1"]
[SourceVersionDate "2025.01.15"]
[SourceQuality "1"]

1. e4 e5 2. Nf3 Nc6 3. Bc4 Bc5 4. d3 Nf6 5. 0-0 h6 6. a3 d6 7. b4 Bb6 8. h3 0-0 9. c3 Be6 10. Bxe6 fxe6 11. Qb3 Qe7 12. a4 a6 13. Be3 Bxe3 14. fxe3 Rf7 15. Nbd2 Raf8 16. Rf2 Nh5 17. Kh2 Nd8 18. Kg1 Ng3 19. Kh2 Nh5 20. Raf1 Rf6 21. b5 axb5 22. axb5 b6 23. g4 Qf7 24. gxh5 Qxh5 25. Qd1 Nf7 26. Qe2 Qg6 27. Rg1 Qh5 28. Rfg2 g6 29. Ne1 Qxe2 30. Rxe2 Kh7 31. Rgg2 Ng5 32. h4 Nf7 33. Nef3 Nh8 34. Rg3 h5 35. Reg2 Ra8 36. Ng5+ Kh6 37. Ngf3 Ra3 38. c4 Rxd3 39. Nf1 Rc3 40. N3d2 Rc2 41. Rf3 Rxf3 42. Nxf3 Rc1 43. Ng3 Rxc4 44. Ng5 Rb4 45. Nxe6 Rxb5 46. Nxc7 Rc5 47. Nd5 b5 48. Rb2 Nf7 49. Ne2 g5 50. Nec3 g4 51. Rxb5 Rc7 52. Rb6 Rd7 53. Rc6 Kg6 54. Rc7 Rd8 55. Rc6 Ra8 56. Ne7+ Kf6 57. Nf5 Ra3 58. Nd5+ Ke6 59. Kg3 Ra1 60. Rc7 Rg1+ 61. Kf2 1-0

[Event "Titled Tuesday intern op 17th Sep Early"]
[Site "Chess,com INT"]
[Date "2024.09.17"]
[Round "2"]
[White "Alcazar Jimenez, Jesus Alberto"]
[Black "Golis, Wiktor"]
[Result "0-1"]
[WhiteElo "2144"]
[BlackElo "2302"]
[PlyCount "66"]
[EventDate "2024.09.17"]
[EventType "swiss (blitz)"]
[EventRounds "11"]
[EventCountry "USA"]
[SourceTitle "EXT 2025"]
[Source "ChessBase"]
[SourceDate "2024.10.14"]
[SourceVersion "1"]
[SourceVersionDate "2024.10.14"]
[SourceQuality "1"]

1. c4 e6 2. e4 d5 3. exd5 exd5 4. d4 Nf6 5. Nf3 Bb4+ 6. Nc3 0-0 7. Be2 b6 8. 0-0 Bb7 9. Bg5 Be7 10. Bxf6 Bxf6 11. Nxd5 Bxd5 12. cxd5 Qxd5 13. Ne5 Bxe5 14. Bf3 Bxh2+ 15. Kxh2 Qd6+ 16. g3 c6 17. d5 c5 18. Kg2 Nd7 19. Rh1 Ne5 20. Be4 g6 21. f4 Nd7 22. Qf3 f5 23. Bc2 Nf6 24. Rad1 Rae8 25. Bb3 Kg7 26. Rhe1 b5 27. Re6 Qd7 28. Rf1 c4 29. Bc2 Qxd5 30. Qxd5 Nxd5 31. Rxe8 Rxe8 32. Kf3 Nb4 33. Bb1 Nc6 0-1

[Event "Titled Tuesday intern op 17th Sep Early"]
[Site "Chess,com INT"]
[Date "2024.09.17"]
[Round "11"]
[White "Omariev, Maksim"]
[Black "Alcazar Jimenez, Jesus Alberto"]
[Result "1-0"]
[WhiteElo "2304"]
[BlackElo "2144"]
[PlyCount "35"]
[EventDate "2024.09.17"]
[EventType "swiss (blitz)"]
[EventRounds "11"]
[EventCountry "USA"]
[SourceTitle "EXT 2025"]
[Source "ChessBase"]
[SourceDate "2024.10.14"]
[SourceVersion "1"]
[SourceVersionDate "2024.10.14"]
[SourceQuality "1"]

1. g4 h5 2. g5 h4 3. d4 e6 4. c4 Be7 5. Nf3 b6 6. Nc3 Bb7 7. e4 f6 8. Rg1 fxg5 9. Bxg5 Nf6 10. Bd3 d5 11. Qe2 dxe4 12. Nxe4 Nc6 13. 0-0-0 Qd7 14. Nxf6+ gxf6 15. Bg6+ Kd8 16. d5 Kc8 17. dxc6 Qxc6 18. Nd4 1-0

[Event "Titled Tuesday intern op 17th Sep Early"]
[Site "Chess,com INT"]
[Date "2024.09.17"]
[Round "8"]
[White "Vincenti, Leonardo"]
[Black "Alcazar Jimenez, Jesus Alberto"]
[Result "0-1"]
[WhiteElo "2152"]
[BlackElo "2144"]
[PlyCount "124"]
[EventDate "2024.09.17"]
[EventType "swiss (blitz)"]
[EventRounds "11"]
[EventCountry "USA"]
[SourceTitle "EXT 2025"]
[Source "ChessBase"]
[SourceDate "2024.10.14"]
[SourceVersion "1"]
[SourceVersionDate "2024.10.14"]
[SourceQuality "1"]

1. e4 c5 2. Nf3 e6 3. c4 Nc6 4. d4 cxd4 5. Nxd4 d5 6. exd5 exd5 7. Nc3 dxc4 8. Nxc6 Qxd1+ 9. Kxd1 bxc6 10. Bxc4 Bg4+ 11. f3 0-0-0+ 12. Kc2 Bh5 13. Bf4 Bg6+ 14. Kb3 Bd6 15. Bxd6 Rxd6 16. Rhe1 Nf6 17. Re7 Rd7 18. Rae1 Kd8 19. Rxd7+ Kxd7 20. Na4 Rb8+ 21. Kc3 Nd5+ 22. Bxd5 cxd5 23. Nc5+ Kd6 24. b4 a5 25. a3 axb4+ 26. axb4 Ra8 27. Re2 Ra1 28. Nb3 Ra3 29. Rd2 f6 30. Kb2 Ra4 31. Rd4 Ra8 32. Nc5 Re8 33. Rd2 Kc6 34. Kb3 Bf7 35. Kc3 Kb5 36. h4 Re3+ 37. Rd3 Re2 38. g4 h5 39. gxh5 Rh2 40. Rd4 Rh3 41. Nd3 Rxf3 42. Rf4 Rh3 43. h6 Bg6 44. hxg7 Bxd3 45. Kd4 Bh7 46. Kxd5 Rg3 47. Rxf6 Rxg7 48. Kd6 Bd3 49. h5 Rh7 50. h6 Kxb4 51. Ke6 Kc4 52. Ke5 Kc5 53. Kf4 Kd5 54. Kg5 Ke5 55. Rf8 Ke6 56. Re8+ Kf7 57. Rd8 Bb5 58. Rb8 Bc6 59. Rc8 Be8 60. Rc7+ Kg8 61. Rc8 Kf7 62. Rc7+ Kg8 0-1

[Event "Titled Tuesday intern op 10th Sep Early"]
[Site "Chess,com INT"]
[Date "2024.09.10"]
[Round "11"]
[White "Alcazar Jimenez, Jesus Alberto"]
[Black "Alavkin, Arseny Nailievich"]
[Result "0-1"]
[WhiteElo "2144"]
[BlackElo "2367"]
[PlyCount "68"]
[EventDate "2024.09.10"]
[EventType "swiss (blitz)"]
[EventRounds "11"]
[EventCountry "USA"]
[SourceTitle "EXT 2025"]
[Source "ChessBase"]
[SourceDate "2024.10.14"]
[SourceVersion "1"]
[SourceVersionDate "2024.10.14"]
[SourceQuality "1"]

1. c4 e6 2. e4 d5 3. exd5 exd5 4. d4 Nf6 5. Nf3 dxc4 6. Bxc4 Be7 7. Nc3 0-0 8. 0-0 b6 9. h3 Bb7 10. Ne5 Nbd7 11. Qb3 Nxe5 12. dxe5 Ne4 13. Nxe4 Bxe4 14. Rd1 Qe8 15. e6 fxe6 16. Bxe6+ Kh8 17. f3 Bc5+ 18. Kh1 Bc6 19. Be3 Ba4 20. Qd5 Bxd1 21. Bxc5 bxc5 22. Rxd1 Rd8 23. Qxd8 Qxd8 24. Rxd8 Rxd8 25. b3 Rd1+ 26. Kh2 Rd2 27. a4 g5 28. Bc4 Kg7 29. Kg3 Kf6 30. Bg8 h5 31. Bc4 h4+ 32. Kh2 Ke5 33. Bb5 Rb2 34. Bc4 a5 0-1

[Event "Titled Tuesday intern op 10th Sep Early"]
[Site "Chess,com INT"]
[Date "2024.09.10"]
[Round "3"]
[White "Alcazar Jimenez, Jesus Alberto"]
[Black "Le Goff, Ronan"]
[Result "0-1"]
[WhiteElo "2144"]
[BlackElo "2222"]
[PlyCount "114"]
[EventDate "2024.09.10"]
[EventType "swiss (blitz)"]
[EventRounds "11"]
[EventCountry "USA"]
[SourceTitle "EXT 2025"]
[Source "ChessBase"]
[SourceDate "2024.10.14"]
[SourceVersion "1"]
[SourceVersionDate "2024.10.14"]
[SourceQuality "1"]

1. c4 Nf6 2. Nc3 e6 3. e4 c5 4. Nf3 Nc6 5. d4 cxd4 6. Nxd4 Bb4 7. Nxc6 dxc6 8. Qxd8+ Kxd8 9. Bd2 e5 10. 0-0-0 Kc7 11. f4 Bd6 12. g3 Bg4 13. Re1 Rhe8 14. Bg2 Rad8 15. h3 Bc8 16. f5 Bc5 17. Be3 Bxe3+ 18. Rxe3 Rd4 19. b3 Red8 20. Rd1 b6 21. Kc2 Ne8 22. Red3 Rxd3 23. Rxd3 Rxd3 24. Kxd3 Nd6 25. Nd1 f6 26. g4 Bd7 27. h4 Be8 28. Bf3 a5 29. g5 b5 30. cxb5 cxb5 31. Nc3 Bc6 32. gxf6 gxf6 33. Ne2 b4 34. Ng3 Be8 35. Bh5 Bb5+ 36. Ke3 Kb6 37. Bf3 Be8 38. Bh5 Bc6 39. Bf3 Kc5 40. Nh5 Ne8 41. Be2 Kd6 42. Bc4 Ke7 43. Bg8 h6 44. Bc4 Nd6 45. Bd3 a4 46. Ng3 a3 47. Nf1 Be8 48. Nd2 Bf7 49. Bb1 Kd7 50. Nf3 Kc6 51. Ne1 Nb5 52. Kd2 Nc3 53. Kc1 Kc5 54. Nd3+ Kb5 55. Nf2 Bh5 56. Nd3 Bf3 57. Ne1 Bxe4 0-1

[Event "Titled Tuesday intern op 10th Sep Early"]
[Site "Chess,com INT"]
[Date "2024.09.10"]
[Round "6"]
[White "Osiecki, Stanislaw"]
[Black "Alcazar Jimenez, Jesus Alberto"]
[Result "1-0"]
[WhiteElo "1987"]
[BlackElo "2144"]
[PlyCount "95"]
[EventDate "2024.09.10"]
[EventType "swiss (blitz)"]
[EventRounds "11"]
[EventCountry "USA"]
[SourceTitle "EXT 2025"]
[Source "ChessBase"]
[SourceDate "2024.10.14"]
[SourceVersion "1"]
[SourceVersionDate "2024.10.14"]
[SourceQuality "1"]

1. e4 c5 2. c3 d5 3. e5 d4 4. Bc4 e6 5. Nf3 Nc6 6. a4 Nge7 7. 0-0 Ng6 8. Re1 Qc7 9. Qe2 Be7 10. d3 h6 11. g3 0-0 12. h4 Rd8 13. Qe4 b6 14. h5 Nf8 15. Qg4 Kh8 16. Nbd2 Na5 17. cxd4 cxd4 18. Nxd4 Bb7 19. N4f3 Nxc4 20. dxc4 Bb4 21. Re3 Bc5 22. Re2 Nh7 23. Ne4 Bxe4 24. Qxe4 Rd1+ 25. Re1 Rad8 26. Bf4 Rxa1 27. Rxa1 Qd7 28. Kg2 a5 29. b3 Qd3 30. Qxd3 Rxd3 31. Rb1 Nf8 32. Ne1 Rc3 33. Bd2 Bd4 34. Bxc3 Bxc3 35. Nd3 Nd7 36. f4 Bd4 37. Rd1 Bc3 38. Kf3 Kg8 39. Ke4 Kf8 40. g4 Ke7 41. f5 exf5+ 42. gxf5 f6 43. e6 Ne5 44. Nxe5 fxe5 45. Rd7+ Kf6 46. Rf7+ Kg5 47. Rxg7+ Kxh5 48. e7 1-0

[Event "Titled Tuesday intern op 27th Aug Early"]
[Site "Chess.com INT"]
[Date "2024.08.27"]
[Round "4"]
[White "Alcazar Jimenez, Jesus Alberto"]
[Black "Araujo Filho, Luiz Antonio"]
[Result "1-0"]
[WhiteElo "2157"]
[BlackElo "2077"]
[PlyCount "79"]
[EventDate "2024.08.27"]
[EventType "swiss (blitz)"]
[EventRounds "11"]
[EventCountry "USA"]
[SourceTitle "EXT 2025"]
[Source "ChessBase"]
[SourceDate "2024.10.14"]
[SourceVersion "1"]
[SourceVersionDate "2024.10.14"]
[SourceQuality "1"]

1. c4 f5 2. e4 fxe4 3. d3 Nf6 4. dxe4 Nxe4 5. Bd3 Nf6 6. g4 d5 7. g5 dxc4 8. gxf6 Qxd3 9. f7+ Kxf7 10. Qh5+ g6 11. Qh4 Bg7 12. Ne2 Bf6 13. Qf4 e5 14. Qh6 Bg4 15. Nbc3 Nc6 16. Be3 Nd4 17. Rd1 Nc2+ 18. Kf1 Bxe2+ 19. Kg2 Bxd1 20. Rxd1 Nxe3+ 21. fxe3 Qf5 22. Rf1 Qe6 23. Ne4 Qg4+ 24. Ng3 Raf8 25. h3 Qh4 26. Qxh4 Kg7 27. Qe4 Rd8 28. Qxb7 Rd2+ 29. Rf2 Rd7 30. Ne4 Rf8 31. Nxf6 Rxf6 32. Rxf6 Kxf6 33. Qc6+ Rd6 34. Qxc4 Rd2+ 35. Kf3 Rxb2 36. Qxc7 Rxa2 37. Qc6+ Kg7 38. Qd5 Rh2 39. Qxe5+ Kh6 40. Qxh2 1-0

[Event "Titled Tuesday intern op 27th Aug Early"]
[Site "Chess.com INT"]
[Date "2024.08.27"]
[Round "11"]
[White "Alcazar Jimenez, Jesus Alberto"]
[Black "Osiecki, Stanislaw"]
[Result "1-0"]
[WhiteElo "2157"]
[BlackElo "1987"]
[PlyCount "55"]
[EventDate "2024.08.27"]
[EventType "swiss (blitz)"]
[EventRounds "11"]
[EventCountry "USA"]
[SourceTitle "EXT 2025"]
[Source "ChessBase"]
[SourceDate "2024.10.14"]
[SourceVersion "1"]
[SourceVersionDate "2024.10.14"]
[SourceQuality "1"]

1. e4 e6 2. d4 d5 3. exd5 exd5 4. Nf3 Bd6 5. c4 dxc4 6. Bxc4 Nf6 7. Nc3 0-0 8. 0-0 Bg4 9. h3 Bh5 10. g4 Bg6 11. Ne5 Nc6 12. f4 h6 13. Nxg6 Na5 14. Bb3 Nxb3 15. Qxb3 c5 16. Nxf8 cxd4 17. Nd5 Nxd5 18. Qxd5 Qxf8 19. Bd2 d3 20. Qxd3 Rd8 21. Qf3 Bc5+ 22. Be3 Rd3 23. Rfe1 Qe7 24. Kf2 Rd2+ 25. Re2 Qxe3+ 26. Qxe3 Bxe3+ 27. Kxe3 Rxe2+ 28. Kxe2 1-0

[Event "Titled Tuesday intern op 20th Aug Early"]
[Site "Chess.com INT"]
[Date "2024.08.20"]
[Round "11"]
[White "Alcazar Jimenez, Jesus Alberto"]
[Black "Montano Vicente, Guadalupe"]
[Result "0-1"]
[WhiteElo "2157"]
[BlackElo "1950"]
[PlyCount "96"]
[EventDate "2024.08.20"]
[EventType "swiss (blitz)"]
[EventRounds "11"]
[EventCountry "USA"]
[SourceTitle "EXT 2025"]
[Source "ChessBase"]
[SourceDate "2024.10.14"]
[SourceVersion "1"]
[SourceVersionDate "2024.10.14"]
[SourceQuality "1"]

1. c4 Nf6 2. Nc3 d5 3. e3 e5 4. cxd5 Nxd5 5. d3 Be7 6. Nf3 Nc6 7. Be2 0-0 8. 0-0 Be6 9. a3 a5 10. Qc2 Re8 11. b3 Bf8 12. Bb2 Nb6 13. Ne4 f6 14. Rfd1 a4 15. bxa4 Nxa4 16. d4 Nxb2 17. Qxb2 exd4 18. Nxd4 Nxd4 19. Rxd4 Qe7 20. a4 b6 21. Bb5 Red8 22. Ng3 c5 23. Re4 Qf7 24. Qc3 Kh8 25. Rh4 Bd6 26. Qc2 g6 27. Bc4 Be5 28. Rb1 Bxc4 29. Rxc4 Qe6 30. f4 Bc7 31. Re4 Qd6 32. h3 Re8 33. Rd1 Qc6 34. Rxe8+ Rxe8 35. Kf2 Qe6 36. Re1 Bxf4 37. Nf1 Be5 38. e4 Bd4+ 39. Kf3 Qe5 40. Ne3 f5 41. Kf2 Bxe3+ 42. Rxe3 fxe4 43. Kg1 Qd4 44. Qe2 c4 45. Kh2 Qe5+ 46. Kh1 Qd4 47. Kh2 c3 48. Rg3 Qe5 0-1

[Event "Titled Tuesday intern op 20th Aug Early"]
[Site "Chess.com INT"]
[Date "2024.08.20"]
[Round "1"]
[White "Alcazar Jimenez, Jesus Alberto"]
[Black "Tomb, Maroun"]
[Result "1-0"]
[WhiteElo "2157"]
[BlackElo "2090"]
[PlyCount "45"]
[EventDate "2024.08.20"]
[EventType "swiss (blitz)"]
[EventRounds "11"]
[EventCountry "USA"]
[SourceTitle "EXT 2025"]
[Source "ChessBase"]
[SourceDate "2024.10.14"]
[SourceVersion "1"]
[SourceVersionDate "2024.10.14"]
[SourceQuality "1"]

1. c4 d6 2. Nc3 Nf6 3. e3 e5 4. d4 Nbd7 5. Nf3 c6 6. Qc2 Be7 7. Be2 0-0 8. 0-0 a6 9. a4 b6 10. Rd1 Qc7 11. d5 Bb7 12. e4 a5 13. dxc6 Bxc6 14. Nd5 Bxd5 15. exd5 Nc5 16. Ra3 Rfe8 17. Nh4 g6 18. Bh6 Nfe4 19. Rh3 f5 20. f3 Nf6 21. Nxf5 gxf5 22. Rg3+ Ng4 23. Qxf5 1-0

[Event "Titled Tuesday intern op 20th Aug Early"]
[Site "Chess.com INT"]
[Date "2024.08.20"]
[Round "10"]
[White "Martic, Ivan"]
[Black "Alcazar Jimenez, Jesus Alberto"]
[Result "1-0"]
[WhiteElo "2257"]
[BlackElo "2157"]
[PlyCount "83"]
[EventDate "2024.08.20"]
[EventType "swiss (blitz)"]
[EventRounds "11"]
[EventCountry "USA"]
[SourceTitle "EXT 2025"]
[Source "ChessBase"]
[SourceDate "2024.10.14"]
[SourceVersion "1"]
[SourceVersionDate "2024.10.14"]
[SourceQuality "1"]

1. e4 c5 2. Nf3 e6 3. d3 Nc6 4. g3 e5 5. Bg2 d6 6. 0-0 g6 7. Qe2 Bg7 8. c3 Nge7 9. a3 0-0 10. b4 a6 11. Bb2 h6 12. Nbd2 f5 13. Nc4 b5 14. Ne3 f4 15. Nd5 Be6 16. Nxe7+ Qxe7 17. Rfd1 g5 18. d4 Bc4 19. Qc2 g4 20. Nh4 f3 21. Bf1 Bxf1 22. Kxf1 c4 23. d5 Nb8 24. Bc1 Nd7 25. Be3 Rf6 26. a4 Rff8 27. Ng6 Qf7 28. Nxf8 Rxf8 29. Ke1 Qh5 30. Kd2 Bf6 31. Kc1 Bg5 32. Bxg5 hxg5 33. axb5 axb5 34. Ra7 Nf6 35. Kd2 Qg6 36. Ke3 Rf7 37. Rxf7 Kxf7 38. Ra1 Nxd5+ 39. Kd2 Nf6 40. Ra7+ Ke6 41. Ke3 Nd5+ 42. exd5+ 1-0

[Event "Titled Tuesday intern op 20th Aug Early"]
[Site "Chess.com INT"]
[Date "2024.08.20"]
[Round "2"]
[White "Plyasunov, Daniil"]
[Black "Alcazar Jimenez, Jesus Alberto"]
[Result "1-0"]
[WhiteElo "2291"]
[BlackElo "2157"]
[PlyCount "63"]
[EventDate "2024.08.20"]
[EventType "swiss (blitz)"]
[EventRounds "11"]
[EventCountry "USA"]
[SourceTitle "EXT 2025"]
[Source "ChessBase"]
[SourceDate "2024.10.14"]
[SourceVersion "1"]
[SourceVersionDate "2024.10.14"]
[SourceQuality "1"]

1. e4 c5 2. Nf3 e6 3. c3 d5 4. exd5 exd5 5. Bb5+ Nc6 6. d4 Nf6 7. 0-0 Be7 8. dxc5 Bxc5 9. Bg5 Be6 10. Nd4 Bxd4 11. Qxd4 a6 12. Bxc6+ bxc6 13. Nd2 h6 14. Bh4 g5 15. Bg3 0-0 16. f4 Nh5 17. f5 Nxg3 18. hxg3 Bd7 19. c4 f6 20. cxd5 cxd5 21. Qxd5+ Kg7 22. Rfd1 Qb6+ 23. Kh2 Rad8 24. Nc4 Qb5 25. Qxb5 Bxb5 26. Nd6 Be2 27. Rd2 Bg4 28. Rc1 Rd7 29. Ne8+ Rxe8 30. Rxd7+ Kg8 31. Rd6 Rf8 32. Rc5 1-0

[Event "ESP-chT CECLUB Div2"]
[Site "Linares"]
[Date "2024.08.13"]
[Round "4.33"]
[White "Alcazar Jimenez, Jesus Alberto"]
[Black "Garcia Gimenez, Santiago"]
[Result "1/2-1/2"]
[WhiteElo "2157"]
[BlackElo "2128"]
[PlyCount "84"]
[EventDate "2024.08.11"]
[EventType "team-swiss"]
[EventRounds "7"]
[EventCountry "ESP"]
[SourceTitle "CBM 221 Extra"]
[Source "ChessBase"]
[SourceDate "2024.09.30"]
[SourceVersion "1"]
[SourceVersionDate "2024.09.30"]
[SourceQuality "1"]
[WhiteTeam "Ajedrez Noblejas"]
[BlackTeam "Xeraco"]
[WhiteTeamCountry "ESP"]
[BlackTeamCountry "ESP"]

1. c4 e5 2. Nc3 Nf6 3. e3 Bb4 4. Qc2 0-0 5. a3 Bd6 6. Nf3 Re8 7. d4 exd4 8. Nxd4 b6 9. Nf5 Bf8 10. Bd3 Bb7 11. 0-0 g6 12. Ng3 Bg7 13. e4 Nc6 14. h3 Nd4 15. Qd1 d6 16. Be3 Nd7 17. Bb1 Ne6 18. Nge2 Nec5 19. f3 f5 20. Bxc5 Nxc5 21. exf5 Qg5 22. fxg6 hxg6 23. Qc2 Re6 24. Nd5 Bxd5 25. cxd5 Qe3+ 26. Rf2 Ne4 27. dxe6 Qxf2+ 28. Kh1 Qf1+ 29. Kh2 Be5+ 30. f4 Bxf4+ 31. Nxf4 Qxf4+ 32. Kg1 Qe3+ 33. Kh2 Qg3+ 34. Kg1 d5 35. Ba2 Qe3+ 36. Kh1 c6 37. e7 Kg7 38. Qxc6 Nf2+ 39. Kh2 Ng4+ 40. Kh1 Nf2+ 41. Kh2 Ng4+ 42. Kh1 Nf2+ 1/2-1/2

[Event "Titled Tuesday intern op 06th Aug Early"]
[Site "Chess.com INT"]
[Date "2024.08.06"]
[Round "5"]
[White "Alcazar Jimenez, Jesus Alberto"]
[Black "Bezerra, Flavio Rodrigo Cost"]
[Result "0-1"]
[WhiteElo "2157"]
[BlackElo "2096"]
[PlyCount "78"]
[EventDate "2024.08.06"]
[EventType "swiss (blitz)"]
[EventRounds "11"]
[EventCountry "USA"]
[SourceTitle "EXT 2025"]
[Source "ChessBase"]
[SourceDate "2024.10.14"]
[SourceVersion "1"]
[SourceVersionDate "2024.10.14"]
[SourceQuality "1"]

1. e4 c5 2. Nf3 g6 3. c3 Bg7 4. d4 cxd4 5. cxd4 d5 6. exd5 Nf6 7. Nc3 0-0 8. Be2 Nxd5 9. 0-0 b6 10. h3 Bb7 11. Qa4 Nc6 12. Rd1 e6 13. Bg5 Qd6 14. a3 Rac8 15. Rac1 Nxc3 16. bxc3 Na5 17. c4 Bxf3 18. Bxf3 Bxd4 19. c5 Qe5 20. Be7 Bxc5 21. Bxf8 Rxf8 22. Qd7 Nb3 23. Rc4 Qb2 24. Qc7 Qxf2+ 25. Kh1 Nd4 26. Rcxd4 Bxd4 27. Qd7 Be5 28. a4 Qg3 29. Kg1 h5 30. Qxa7 h4 31. Qd7 Qh2+ 32. Kf1 Qf4 33. Qe7 Qc4+ 34. Be2 Qxa4 35. Bf3 Bg3 36. Ke2 Qc2+ 37. Rd2 Qc4+ 38. Kd1 Rc8 39. Qd7 Qc1+ 0-1

[Event "Titled Tuesday intern op 30th Jul Late"]
[Site "Chess.com INT"]
[Date "2024.07.30"]
[Round "7"]
[White "Alcazar Jimenez, Jesus Alberto"]
[Black "Chen, Max"]
[Result "1/2-1/2"]
[WhiteElo "2155"]
[BlackElo "2176"]
[PlyCount "102"]
[EventDate "2024.07.30"]
[EventType "swiss (blitz)"]
[EventRounds "11"]
[EventCountry "USA"]
[SourceTitle "EXT 2025"]
[Source "ChessBase"]
[SourceDate "2024.10.14"]
[SourceVersion "1"]
[SourceVersionDate "2024.10.14"]
[SourceQuality "1"]

1. c4 Nf6 2. Nc3 e5 3. e3 d6 4. d4 Nc6 5. Nf3 Bg4 6. Be2 g6 7. h3 Bxf3 8. Bxf3 exd4 9. exd4 Bg7 10. 0-0 0-0 11. Be3 Re8 12. g3 Qd7 13. Bg2 Nh5 14. Qd2 Bh8 15. Rac1 Ng7 16. g4 Rab8 17. Nd5 Ne6 18. f4 Nexd4 19. f5 gxf5 20. gxf5 Nxf5 21. Bg5 Bd4+ 22. Qxd4 Nfxd4 23. Nf6+ Kg7 24. Nxd7 Ne2+ 25. Kh2 Nxc1 26. Nxb8 Nd3 27. Nxc6 bxc6 28. Bxc6 Re2+ 29. Kg3 Nxb2 30. Bd5 Kg6 31. Bd8 f5 32. Bxc7 Nd3 33. Bxd6 Rxa2 34. Be6 f4+ 35. Bxf4 Nxf4 36. Rxf4 Ra3+ 37. Kh4 Rc3 38. Bd5 a5 39. Rf8 a4 40. Ra8 a3 41. Ra6+ Kf5 42. Bg8 h6 43. Rxh6 Ke5 44. Ra6 Kf4 45. Be6 Ke5 46. Kh5 Kf4 47. h4 Ke5 48. Kg6 Rg3+ 49. Kh5 Rc3 50. Bg4 Kf4 51. Be6 Ke5 1/2-1/2

[Event "Titled Tuesday intern op 30th Jul Late"]
[Site "Chess.com INT"]
[Date "2024.07.30"]
[Round "4"]
[White "Skotheim, Andreas"]
[Black "Alcazar Jimenez, Jesus Alberto"]
[Result "1/2-1/2"]
[WhiteElo "2225"]
[BlackElo "2155"]
[PlyCount "166"]
[EventDate "2024.07.30"]
[EventType "swiss (blitz)"]
[EventRounds "11"]
[EventCountry "USA"]
[SourceTitle "EXT 2025"]
[Source "ChessBase"]
[SourceDate "2024.10.14"]
[SourceVersion "1"]
[SourceVersionDate "2024.10.14"]
[SourceQuality "1"]

1. c4 Nf6 2. Nf3 e6 3. d4 d5 4. g3 h6 5. Bg2 c5 6. cxd5 exd5 7. 0-0 Nc6 8. Nc3 cxd4 9. Nxd4 Bc5 10. Nb3 Bb6 11. Nxd5 Nxd5 12. Qxd5 0-0 13. Qxd8 Rxd8 14. Bd2 a5 15. Bc3 a4 16. Nd2 Nd4 17. Rae1 Bg4 18. Nf3 Nxf3+ 19. Bxf3 Bxf3 20. exf3 a3 21. Re7 axb2 22. Rxb7 Bc5 23. Rxb2 Ra3 24. Rc1 Rda8 25. Bxg7 Bxf2+ 26. Rxf2 Kxg7 27. Rcc2 R8a4 28. Kg2 Kg6 29. Rfd2 f6 30. g4 Ra6 31. Kg3 h5 32. h3 hxg4 33. hxg4 Kg5 34. Rd5+ Kg6 35. Rdd2 Kg5 36. Re2 Kg6 37. Kf4 R3a4+ 38. Kg3 Ra3 39. Rh2 R3a4 40. Rc7 Rxa2 41. Rhh7 f5 42. Rhg7+ Kf6 43. Rgf7+ Ke6 44. Rxf5 Ra1 45. Rc4 Rg1+ 46. Kf4 Raa1 47. Re4+ Kd6 48. Rf6+ Kd7 49. g5 Rg2 50. Kf5 Rag1 51. f4 Rg4 52. g6 R4g2 53. Rf7+ Kd6 54. Rf6+ Kd5 55. Re5+ Kd4 56. Rd6+ Kc4 57. Rc6+ Kd4 58. Rd6+ Kc4 59. Rf6 Kd4 60. Ree6 Kd5 61. Ra6 Kc4 62. Rfd6 Kc5 63. Ke5 Kb5 64. f5 Re1+ 65. Kf6 Reg1 66. Rab6+ Kc5 67. Rbc6+ Kb5 68. Re6 Rf1 69. Rb6+ Kc5 70. Rb7 Kd5 71. Rb5+ Kd4 72. Rbe5 Rgf2 73. Re4+ Kd5 74. R4e5+ Kd4 75. g7 Rg2 76. Re8 Rfg1 77. R5e7 Kd5 78. Rd7+ Kc6 79. Ree7 Rf2 80. Rc7+ Kd6 81. Rcd7+ Kc6 82. Ke6 Re1+ 83. Kf6 Rg1 1/2-1/2